Psicología de la escritura: diagnóstico y tratamiento de los trastornos de escritura

Сохранить в:
Библиографические подробности
Главный автор: Cuetos Vega, Fernando (Автор)
Формат:
Язык:испанский
Опубликовано: Madrid Escuela Española 1991
Предметы:
Метки: Добавить метку
Нет меток, Требуется 1-ая метка записи!

MARC

LEADER 00000nam a2200000 a 4500
001 UCS0017
003 CL-VaPUC
008 970418e19910000SP |||||||||||||||||spa|d
020 |a 8433105124 
082 0 4 |a 371.9144  |b CUE  |2 21 
100 0 |a Cuetos Vega, Fernando  |e author  |9 383084 
245 1 0 |a Psicología de la escritura: diagnóstico y tratamiento de los trastornos de escritura 
300 |a 128 p 
942 |c BK 
945 |d 19970418 00:00:00  |a rleighto 
260 |a Madrid  |b Escuela Española  |c 1991 
650 0 |a Trastornos del aprendizaje  |9 307969 
650 0 |a Sistemas de escritura  |9 345843 
650 0 |a Escritura  |9 264941 
650 0 |a Disgrafía  |9 308356 
650 0 |a Psicología educacional   |9 307830 
650 0 |a Enseñanza de la escritura  |9 307377 
650 0 |a Métodos de enseñanza  |9 270413 
583 |a last modification  |c 20130306 01:59:34  |k Rodrigo Vera 
999 |c 258293  |d 258291 
952 |0 0  |1 0  |4 0  |6 371_914400000000000_CUE_1991  |7 0  |8 A  |9 282289  |a BIBEDU  |b BIBEDU  |c ES_NOD  |d 2019-11-19  |i 3300889  |o 371.9144 CUE 1991  |p 3300889  |r 2023-08-09  |w 2019-11-19  |y BK  |k EPE 
952 |0 0  |1 0  |4 0  |6 371_914400000000000_CUE_1991  |7 0  |8 A  |9 282290  |a FDOPOS  |b FDOPOS  |d 2019-11-19  |i 3408000  |o 371.9144 CUE 1991  |p 3408000  |r 2025-01-22  |w 2019-11-19  |y BK  |k MLA 
952 |0 0  |1 0  |4 0  |6 371_914400000000000_CUE_1991  |7 0  |8 A  |9 282291  |a BIBEDU  |b BIBEDU  |c ES_NOD  |d 2019-11-19  |i 4148479  |o 371.9144 CUE 1991  |p 4148479  |r 2023-08-09  |w 2019-11-19  |y BK  |k EDI